000 00459nam a22001337a 4500
008 211119b |||||||| |||| 00| 0 eng d
020 _a9966028815
050 _aHQ1236.5
_b.W44 2018
245 _aWhere Women Are
_bGender and the 2017 Kenyan Elections/
_cEdited by Nanjala Nyabola & Marie-Emmanuelle Pommerolle
260 _aNairobi, Kenya
_bTwaweza communications
_c2018
300 _a208p.
650 _aWomen
_vPolitical activity
_zKenya
942 _2lcc
_cBK
999 _c19132
_d19131